Efektívny prenos dát pri poskytovaní moderného e-vzdelávania
Saved in:
| Main Author: | |
|---|---|
| Other Authors: | |
| Format: | Manuscript Book |
| Language: | Slovak |
| Published: |
2021
|
| Subjects: | |
| Online Access: | http://is.stuba.sk/zp/portal_zp.pl?podrobnosti_zp=84911 |
| Tags: |
No Tags, Be the first to tag this record!
|
MARC
| LEADER | 00000ntm a22000003a 4500 | ||
|---|---|---|---|
| 001 | stuzp84911 | ||
| 003 | SK-STU | ||
| 005 | 20211002210243.7 | ||
| 007 | ta | ||
| 008 | 150427s2015----xo-----f-mn---000-0-slo-d | ||
| 040 | |a STU |b slo | ||
| 041 | 0 | |a slo | |
| 100 | 1 | |a Trúchly, Peter |u 070400 |k Z1 |4 aut |U FIIT Fakulta informatiky a informačných technológií |T FIIT Ústav počítačového inžinierstva a aplikovanej informatiky |X 1917 |U I400 |Y 672 |7 1917 | |
| 242 | 0 | 1 | |a Effective data transmission in the provision of modern e-learning |y eng |
| 245 | 1 | 0 | |a Efektívny prenos dát pri poskytovaní moderného e-vzdelávania |
| 260 | |c 2021 | ||
| 650 | 4 | |a transportný protokol |2 slo | |
| 650 | 4 | |a virtuálna realita |2 slo | |
| 650 | 4 | |a autonómne vzdelávanie |2 slo | |
| 650 | 4 | |a heterogénne siete |2 slo | |
| 650 | 4 | |a algoritmus na rozlišovanie strát paketov |2 slo | |
| 650 | 4 | |a goodput |2 slo | |
| 650 | 4 | |a technológiou podporené vzdelávanie |2 slo | |
| 650 | 4 | |a virtuálne laboratórium |2 slo | |
| 650 | 4 | |a transport protocol |2 eng | |
| 650 | 4 | |a heterogeneous networks |2 eng | |
| 650 | 4 | |a virtual reality |2 eng | |
| 650 | 4 | |a self-directed learning |2 eng | |
| 650 | 4 | |a goodput |2 eng | |
| 650 | 4 | |a technology enhanced learning |2 eng | |
| 650 | 4 | |a virtual laboratory |2 eng | |
| 650 | 4 | |a loss differentiation algorithm |2 eng | |
| 700 | 1 | |a , |4 ths |X null |7 null | |
| 856 | 4 | |u http://is.stuba.sk/zp/portal_zp.pl?podrobnosti_zp=84911 | |